01150nab a2200229 i 4500001000400000003000400004005001700008008003900025040000800064080001700072100013500089245006400224260001000288500002100298520037500319650002700694650002000721773011400741942001300855999001500868952003700883BPPBPK20151022140043.0151022s2011 pl n f |000 0pol cBPK a621.3.037.37 aŁUCZAK, Radosław.d1997 - .bPolitechnika Koszalińska - Wydział Elektroniki i Informatyki,cKatedra Inżynierii Komputerowej aA gdyby tak posterować prądem ... /cRadosław Łuczak. c2011. aDane z autopsji. aW artykule przedstawiono ideę budowy systemów cyfrowych pracujących w trybie prądowym, które realizowane są w oparciu o bramki prądowe wymyślone przez prof. Andrzeja Guzińskiego. Pokazano ich potencjał i etapy rozwoju oraz dokonano zestawienia potencjalnych możliwości zastosowania bramek prądowych we współczesnych układach elektronicznych. 0aUkłady elektroniczne. 0aPrądy stałe. iW :tZeszyty Naukowe Wydziału Elektroniki i Informatyki Politechniki Koszalińskiej. -g2011, nr 3, s. 9-28 cART2UKD c5623d5623 00104070aBPKbBPKo01547yART